01557nam a2200277 a 4500001001000000005001700010008004100027041000800068044000700076084002000083100004500103245010500148260002600253300002200279500024900301500007400550500032600624500001000950546002500960650005200985650005601037650003401093650004501127700005701172740005001229BRCA_307620190320204111.0270109s1824----fr-a---###---#000-0dfre-u afre afr a383b.B75c18241 aCervantes Saavedra, Miguel ded1547-161610aOeuvres posthumes et inédites de Florian de l´Académie FrancaisecMiguel de Cervantes Saavedra. aParísbBriandc1824 a3 v.bil.c22 cm. aContenido : v 1. Primera parte. Vida y obra de Cervantes por Florian. Advertencia del traductor. Prólogo del autor. Texto. -- v 2. Texto. Segunda parte. Prefacio del traductor. Prólogo del autor. Texto. -- v 3. Texto. Coloquio de los perros aEdición : Nouvelle edition ornée d´un portrait et de 24 gravures aPara esta edición se tuvo presente la primitiva de Florian, de 1799, pero añadiéndole la Vida de Cervantes, escrita por el mismo traductor, para la Galatea, y la traducción abreviada del Coloquio de los perros. Va adornada con láminas del Choquet. Semipiel; lomos y planos decorados con dorados Lúdovik Osterc aQM306 aTexto en : francés14aNovela españolayÉpoca clásica, 1500-170014aLiteratura españolayÉpoca clásica, 1500-170014aNovela españolaySiglo XVII14aDon Quijote (Personaje ficticio)eNovela1 aFlorian, Jean-Pierre Claris ded1755-1794eTraductor0 aEl Ingenioso Hidalgo Don Quijote de la Mancha